<?xml version="1.0" encoding="UTF-8"?><?xml-stylesheet type="text/xsl" href="static/style.xsl"?><OAI-PMH xmlns="http://www.openarchives.org/OAI/2.0/" xmlns:xsi="http://www.w3.org/2001/XMLSchema-instance" xsi:schemaLocation="http://www.openarchives.org/OAI/2.0/ http://www.openarchives.org/OAI/2.0/OAI-PMH.xsd"><responseDate>2026-04-28T21:12:59Z</responseDate><request verb="GetRecord" identifier="oai:uvadoc.uva.es:10324/20344" metadataPrefix="marc">https://uvadoc.uva.es/oai/request</request><GetRecord><record><header><identifier>oai:uvadoc.uva.es:10324/20344</identifier><datestamp>2021-06-30T08:30:26Z</datestamp><setSpec>com_10324_7462</setSpec><setSpec>com_10324_5186</setSpec><setSpec>com_10324_29291</setSpec><setSpec>col_10324_7503</setSpec></header><metadata><record xmlns="http://www.loc.gov/MARC21/slim" xmlns:doc="http://www.lyncode.com/xoai" xmlns:xsi="http://www.w3.org/2001/XMLSchema-instance" xmlns:dcterms="http://purl.org/dc/terms/" xsi:schemaLocation="http://www.loc.gov/MARC21/slim http://www.loc.gov/standards/marcxml/schema/MARC21slim.xsd">
<leader>00925njm 22002777a 4500</leader>
<datafield tag="042" ind1=" " ind2=" ">
<subfield code="a">dc</subfield>
</datafield>
<datafield tag="720" ind1=" " ind2=" ">
<subfield code="a">Martín Martínez, Luis P.</subfield>
<subfield code="e">author</subfield>
</datafield>
<datafield tag="260" ind1=" " ind2=" ">
<subfield code="c">1998</subfield>
</datafield>
<datafield tag="520" ind1=" " ind2=" ">
<subfield code="a">La identidad republicana de la masonería respondía a distintos aspectos que se resumen en la democracia; sin embargo, la culminación del proceso democrático iba más lejos que la misma República ya que concernía las bases del comportamiento sociopolítico de toda la sociedad. De aquí que el apoyo de las logias a la Liga Española de los Derechos del Hombre fuera el substrato moral y jurídico de aquella República. En Castilla y León, para los masones, la libertad era anterior a la República, pero sin ella no había libertad.</subfield>
</datafield>
<datafield tag="520" ind1=" " ind2=" ">
<subfield code="a">Free masonry's republican identity rested on different aspects emboied in world democracy. The democratic process, however, went beyond the Republic itself, for it based concerned the sociopolitical behaviour of the entire Spanish society. This led the Lodges to lay a particular stress on the Human Rights League which has been the moral and legal susbtratum of this Republic. In Castile and Leon, free-masons consider freedom to be prior to the Republic, but could be no freedom without Republic.</subfield>
</datafield>
<datafield tag="024" ind2=" " ind1="8">
<subfield code="a">Investigaciones históricas: Época moderna y contemporánea, 1998, N.18, pags.249-272</subfield>
</datafield>
<datafield tag="024" ind2=" " ind1="8">
<subfield code="a">0210-9425</subfield>
</datafield>
<datafield tag="024" ind2=" " ind1="8">
<subfield code="a">http://uvadoc.uva.es/handle/10324/20344</subfield>
</datafield>
<datafield tag="024" ind2=" " ind1="8">
<subfield code="a">249</subfield>
</datafield>
<datafield tag="024" ind2=" " ind1="8">
<subfield code="a">18</subfield>
</datafield>
<datafield tag="024" ind2=" " ind1="8">
<subfield code="a">272</subfield>
</datafield>
<datafield ind1=" " ind2=" " tag="653">
<subfield code="a">Historia moderna y contemporánea</subfield>
</datafield>
<datafield tag="245" ind1="0" ind2="0">
<subfield code="a">En defensa de la República: masonería y derechos humanos en Castilla y León</subfield>
</datafield>
</record></metadata></record></GetRecord></OAI-PMH>